| 000 | 00484nam a22001697a 4500 | ||
|---|---|---|---|
| 005 | 20251108164347.0 | ||
| 008 | 250721s1984 xx 000 0 ara d | ||
| 082 | 1 | 4 | _a811.009/ضيف |
| 100 | 1 | _aضيف، شوقي | |
| 245 | 1 | 0 | _aالشعر و طوابعه الشعبية على مر العصور / |
| 250 | _aط2. | ||
| 264 | 1 |
_aالقاهرة : _bدار المعارف، _c1984. |
|
| 300 | _a253 ص. | ||
| 650 | 1 | 7 | _aالشعر العربي |
| 942 |
_2ddc _cBK |
||
| 999 |
_c10264 _d10264 |
||